000 00247nam a22001097a 4500
082 _a621.3 GRA'A
100 _aGRAHAM, FRANK.D
_942150
245 _aADULS NEW ELECTRIC LIBRARY VOL-VI
260 _aUSA
_bADULS
_c1963
300 _a2900
942 _cBK
999 _c567260
_d567260